000 00478nam a2200157Ia 4500
008 220216s9999 xx 000 0 und d
100 _aHossain M A
245 0 _aTrade liberalisation and technical efficiency : Evidence from Bangladesh manufacturing industries
260 _bJournal of Development Studies
_c2004
300 _a87-114
650 _aBangladesh
650 _aTechnical efficiency
650 _aTrade liberalisation
700 _aKarunaratne N D
942 _cJS
999 _c71448
_d71448